1842 1597 1181 1986 1481 1116 1465 1997 1207 1659 1521 1440 1140 1954 1520 1419 1358 1056 1004 1222 1327 1229 1834 1721 1120 1377 1593 1054 1015 1305 1567 1898 1740 1465 1996 1231 1026 1113 1686 1901 1214 1449 1095 1541 1511 1647 1571 1004 1498 1055 1156 1816 1746 1042 1764 1238 1221 1786 1190 1427 1172 1781 1618 1053 1253 1609 1395 1592 1353 1573 1578 1095 1498 1114 1207 1390 1615 1122 1955 1348 1285 1617 1381 1821 1845 1852 1204 1221 1829 1391 1877 1415 1951 1724 1714 1112 1028 1679 1940 BCNSPRNW ULIB Ver.6.0+V

เปลี่ยนเป็นภาษาไทย

Change to English
 แสดงรายละเอียดบรรณานุกรม
  กลับหน้าหลัก

Brief Record : Get Marc (ISO 2709) : E-mail record : QR code < ปิดหน้าต่าง
LEADER : 00000nam 2200000uu 4500
001    13399114965
003     ULIB
008    120626s2550||||th 000 0 tha d
020    ^a9741331487
020    ^a9789741331482
050  4 ^aLB1051^bส858จ 2550
100 0  ^aสุรางค์ โค้วตระกูล
245 10 ^aจิตวิทยาการศึกษา /^cสุรางค์ โค้วตระกูล
250    ^aพิมพ์ครั้งที่ 7
260    ^aกรุงเทพฯ :^bสำนักพิมพ์แห่งจุฬาลงกรณ์มหาวิทยาลัย,^c2550
300    ^a490 หน้า :^bภาพประกอบ ;^c26 ซม.
650  4 ^aจิตวิทยาการศึกษา
945    ^p0^l0^i15172
995    ^aกัณชพร
999 ^a ใช้งานได้ทุกระบบ
รายการนี้ยังไม่มีแท็ก
คุณยังไม่ได้ล็อกอิน คุณสามารถมีกิจกรรมร่วมกับเว็บไซต์ได้ แต่ต้องล็อกอินก่อน ::
  ล็อกอิน

รายการสื่อสารสนเทศ

ลำดับที่ ประเภท เลขเรียก/บาร์โค้ด สถานที่ สถานะ
- ไม่พบข้อมูล -

รายการใกล้เคียง
    ผู้แต่ง [สุรางค์ โค้วตระกูล]

    หัวเรื่อง [จิตวิทยาการศึกษา]

BibComment


ยังไม่เคยถูกคอมเมนท์

คอมเมนท์ทรัพยากรรายการนี้
  คอมเมนท์: จิตวิทยาการศึกษา..


 Copyright 2026. Bcnsprnw @Library